000
00346 a2200169 4500
001
187828
020
_a
85-7319-247-X
040
_c
Magnum
100
_a
Almeida, Zelia
240
1
0
_a
Jornal do egito
_l
por
245
1
0
_a
Jornal do egito
300
_a
32
362
0
_a
2008
440
1
_a
Dimensão
697
_a
HISTÓRIA GERAL
942
_c
BK
999
_c
187828
_d
187828